1910 1455 1917 1286 1454 1572 1543 1974 1872 1420 1108 1478 1045 1616 1651 1253 1388 1982 1712 1757 1041 1722 1791 1368 1478 1743 1547 1768 1591 1417 1215 1801 1378 1908 1049 1256 1994 1676 1673 1446 1831 1738 1409 1971 1891 1241 1057 1708 1824 1526 1280 1965 1760 1056 1684 1584 1691 1894 1828 1100 1252 1823 1383 1746 1146 1080 1053 1699 1686 1245 1258 1884 1150 1050 1642 1695 1492 1203 1048 1082 1220 1620 1208 1085 1074 1262 1159 1282 1925 1288 1483 1460 1501 1852 1612 1744 1096 1105 1684 BCNSPRNW ULIB Ver.6.0+V

เปลี่ยนเป็นภาษาไทย

Change to English
 แสดงรายละเอียดบรรณานุกรม
  กลับหน้าหลัก

Brief Record : Get Marc (ISO 2709) : E-mail record : QR code < ปิดหน้าต่าง
LEADER : 00000nam 2200000uu 4500
001    13399114671
003     ULIB
008    120427s2544||||th 000 0 tha d
020    ^a9748222527
060 04 ^aWB50.1^bก495 2544
245 00 ^aการแพทย์พื้นบ้านกับการดูแลสุขภาพ/^c กรรณิการ์ พรมเสาร์, สรรสิริ
246 31 ^aTraditional medicine and health care coverage
250    ^aพิมพ์ครั้งที่ 2
260    ^a[กรุงเทพฯ] :^bสถาบันการแพทย์แผนไทย,^c2544
300    ^a531 หน้า ;^c22 ซม.
500    ^aSend to Single Search
650  2 ^aDelivery of Health Care
650  2 ^aMedicine, Oriental Traditional
650  2 ^aDelivery of Health Care
650  2 ^aMedicine, Oriental Traditional
650  4 ^aกั650 4 สาธารณสุขมูลฐาน
700 0  ^aกรรณิกา พรมเสาร์,^eผู้แปล
700 0  ^aสรรสิริ พรมเสาร์,^eผู้แปล
700 1  ^aBannerman, Robert H.^q(Robert Henry),^eed.
700 1  ^aBurton, John,^d1945-,^eed.
945    ^p500^l0^i13953
995    ^aกัณชพร
999 ^a ใช้งานได้ทุกระบบ
รายการนี้ยังไม่มีแท็ก
คุณยังไม่ได้ล็อกอิน คุณสามารถมีกิจกรรมร่วมกับเว็บไซต์ได้ แต่ต้องล็อกอินก่อน ::
  ล็อกอิน

รายการสื่อสารสนเทศ

ลำดับที่ ประเภท เลขเรียก/บาร์โค้ด สถานที่ สถานะ
- ไม่พบข้อมูล -

รายการใกล้เคียง
    หัวเรื่อง [Delivery of Health Care]
    หัวเรื่อง [Delivery of Health Care]

BibComment


ยังไม่เคยถูกคอมเมนท์

คอมเมนท์ทรัพยากรรายการนี้
  คอมเมนท์: การแพทย์พื้นบ้าน..


 Copyright 2026. Bcnsprnw @Library